Conversion tables (Record no. 3474)
[ view plain ]
| 000 -LEADER | |
|---|---|
| fixed length control field | 00555nam a2200169Ia 4500 |
| 020 ## - INTERNATIONAL STANDARD BOOK NUMBER | |
| ISBN | 1-56308-596-8 |
| 082 ## - DEWEY DECIMAL CLASSIFICATION NUMBER | |
| Classification number | RR 025.4 SCO-; |
| 100 ## - MAIN ENTRY--AUTHOR NAME | |
| Personal name | Scott, Mona L. |
| 245 #0 - TITLE STATEMENT | |
| Title | Conversion tables |
| 250 ## - EDITION STATEMENT | |
| Edition statement | 2nd |
| 260 ## - PUBLICATION, DISTRIBUTION, ETC. (IMPRINT) | |
| Place of publication | Englewood |
| Name of publisher | Libraries Unlimited |
| Year of publication | 2004 |
| 500 ## - GENERAL NOTE | |
| General note | Contents: 3Vols. Vol.1.(Lc-Dewey) (ix, 249p.) - v.2.(Dewey-LC) (ix, 248p.) - v.3.(Subject headings-Lc and dewey) (ix, 250p.) |
| 650 ## - SUBJECT ADDED ENTRY--TOPICAL TERM | |
| Topical Term | Conversion tables |
| 650 ## - SUBJECT ADDED ENTRY--TOPICAL TERM | |
| Topical Term | Classification - Conversion tables |
| 650 ## - SUBJECT ADDED ENTRY--TOPICAL TERM | |
| Topical Term | Subject headings - Conversion tables |
| 942 ## - ADDED ENTRY ELEMENTS (KOHA) | |
| Koha item type | Books |
| Source of classification or shelving scheme | Dewey Decimal Classification |
| Withdrawn status | Lost status | Damaged status | Not for loan | Home library | Current library | Date acquired | Serial Enumeration / chronology | Bill Date | Full call number | Accession Number | Price effective from | Koha item type |
|---|---|---|---|---|---|---|---|---|---|---|---|---|
| NASSDOC Library | NASSDOC Library | 09/09/2004 | V.1 | 2004-10-05 | RR 025.4 SCO-; | 39624 | 18/04/2019 | Books | ||||
| NASSDOC Library | NASSDOC Library | 09/09/2004 | V.2 | 2004-10-05 | RR 025.4 SCO-; | 39625 | 18/04/2019 | Books | ||||
| NASSDOC Library | NASSDOC Library | 09/09/2004 | V.3 | 2004-10-05 | RR 025.4 SCO-; | 39626 | 18/04/2019 | Books |
